00170nam a2200061Ia 4500008004100000100002200041245004500063120527s9999 xx 000 0 und d aJohnson & Roberts aText bank to accompany money and banking